Normal view
MARC view
- النقد الادبي الحديث- الادب العربي
Entry Topical Term
001 - CONTROL NUMBER
- control field: 58885
003 - CONTROL NUMBER IDENTIFIER
- control field: JO-AjAnu
005 - DATE AND TIME OF LATEST TRANSACTION
- control field: 20230606083631.0
008 - FIXED-LENGTH DATA ELEMENTS
- fixed length control field: 230606|| aca||aabn | a|a d
040 ## - CATALOGING SOURCE
- Original cataloging agency: JO-AjAnu
- Transcribing agency: JO-AjAnu
150 ## - HEADING--TOPICAL TERM
- Topical term or geographic name entry element: النقد الادبي الحديث- الادب العربي
670 ## - SOURCE DATA FOUND
- Source citation: Work cat.: (JO-AjAnu)30038: العجلوني، نايف خالد, author 58884, في طريق الحداثة: دراسات في النقد والأدب